Formula 1 2025 Tracks - Statistics

General Stats
  • This quiz has been taken 5,007 times
    2,783 since last reset
  • The average score is 19 of 24
Answer Stats
Picture Answer % Correct
Japan
92%
China
90%
Australia
86%
Monaco
86%
Saudi Arabia
85%
Monza
84%
Azerbaijan
82%
Bahrain
82%
Las Vegas
80%
Spa
78%
Spain
78%
Miami
77%
Abu Dhabi
74%
Austria
74%
Qatar
74%
Austin
72%
Hungary
72%
Singapore
72%
Canada
71%
Silverstone
71%
Brazil
70%
Imola
70%
Netherlands
68%
Mexico
67%
No matching quizzes found
Score Distribution
Percent of People with Each Score
Percentile by Number Answered
Your Score History
You have not taken this quiz since the last reset